000 01216nam a2200397 c 4500
999 _c51271
_d51271
001 51271
003 ES-MaCES
005 20190617115252.0
008 190617s2019 sp 000 | spa d
017 _aB 2461-2019
_bDL
020 _a9788417690663
040 _aES-MaCES
_bspa
_cES-MaCES
041 1 _aspa
_heng
100 1 _925963
_aVilloria Mendieta, Manuel
245 1 0 _aCombatir las corrupción
_cManuel Villoria Mendieta
250 _a1ª ed
260 _aBarcelona
_bGedisa
_c2019
300 _a139 p.
_c20 cm
490 1 _aMás democracia
504 _aBibliografía: p. 135-139
541 _cCompra
650 4 _acorrupción
_929365
650 4 _aproblema político
_927244
650 4 _aproblema social
_927044
650 4 _adesigualdad económica
_929371
650 4 _adesigualdad social
_930789
650 4 _adesarrollo político
_929225
650 4 _adesarrollo institucional
_929802
650 4 _amecanismo de control
_929918
653 1 0 _aCiencias Sociales-Políticas
740 0 2 _aWork, consumerism and the new poor
775 0 _tTrabajo, consumismo y nuevos pobres
_w(ES-MaCES)11851
830 0 _aMás democracia
_939585
902 _aLIB Libro
942 _2CES
_cBK
_h7.0.